| 000 | 00559nam a22001937a 4500 | ||
|---|---|---|---|
| 003 | BUBTL | ||
| 008 | 140128b xxu||||| |||| 00| 0 eng d | ||
| 082 | _a657/ B299t/ 2001 | ||
| 100 |
_97 _aBasu, Shankar Prasad |
||
| 245 |
_aTheory and practice of costing (vol-ll) : _cSankar Prasad Basu & Monilal Das. |
||
| 250 | _a1st | ||
| 260 |
_aKolkata _bRalindra Library _cc2001. |
||
| 300 |
_a372p . : _bill, 25cm . |
||
| 650 | 0 |
_951 _aAccounting |
|
| 700 |
_98 _aDas, Monilal |
||
| 856 |
_k0 _l0 _yDownload |
||
| 942 |
_2ddc _cBK |
||
| 999 |
_c107 _d107 |
||